Business research methods (Record no. 176748)
[ view plain ]
| 000 -LEADER | |
|---|---|
| fixed length control field | 00373nam a2200145Ia 4500 |
| 008 - FIXED-LENGTH DATA ELEMENTS--GENERAL INFORMATION | |
| fixed length control field | 231217s9999 xx 000 0 und d |
| 020 ## - INTERNATIONAL STANDARD BOOK NUMBER | |
| International Standard Book Number | ISBN 019-925938-0 |
| 041 ## - LANGUAGE CODE | |
| Language code of text/sound track or separate title | English |
| 082 ## - DEWEY DECIMAL CLASSIFICATION NUMBER | |
| Classification number | 001.42 BRY R |
| 100 ## - MAIN ENTRY--PERSONAL NAME | |
| Personal name | Bryman, Alan. Bell, Emma. |
| 245 #0 - TITLE STATEMENT | |
| Title | Business research methods |
| 260 ## - PUBLICATION, DISTRIBUTION, ETC. | |
| Date of publication, distribution, etc. | 2003 |
| Name of publisher, distributor, etc. | Oxford University |
| Place of publication, distribution, etc. | Oxford |
| 300 ## - PHYSICAL DESCRIPTION | |
| Extent | xv+608 |
| 942 ## - ADDED ENTRY ELEMENTS (KOHA) | |
| Koha item type | Books |
| Date last seen | Total checkouts | Full call number | Accession number | Cost, total (INR) price | Price effective from | Category | Lost status | Damaged status | Department | Withdrawn status | Home library | Current library | Shelving location | Entry date | Vendor | Cost, normal purchase price | Grants | Billnumber | Billdate | Currency symbol | Conversion rate | Discount | Old discount |
|---|---|---|---|---|---|---|---|---|---|---|---|---|---|---|---|---|---|---|---|---|---|---|---|
| 26/01/2024 | 001.42 BRY R | 39468 | 1116.00 | 26/01/2024 | Books | Central Library | Central Library | Central Library | Central Library | 16/12/2005 | Surya Infotainment Products Pvt. Ltd. | 1395.00 | MBA | 0506/1512 | 11/09/2004 | RS | 1 | 279 | 20 |
